00833 2200265 4500001002100000005001700021008004100038035002500079040001200104082001100116084002100127090002100148100002100169245011900190250001200309260004800321300003800369500003100407650002200438700002300460850001200483990003000495990002100525990002100546INLIS00000000000166120150323151548.0  a0010-011500000000301 aYOPDYOG a371.36 aDEP 371.36 Pau M aDEP 371.36 Pau M aPAUL SUPARNO, SJ aMetodologi pembelajaran fisika konstruktiwitis dan menyenangkanc/ Paul Suparno ; editor bahasa Sigit Pius Kuncoro aCet, 1. aYogyakartabUniversitas Sanata Dharmac2013 a196 hlm.b: ilus.c; 22 cm (2eks) aBibliografi : hlm. 189-195 aMetode pendidikan aSigit Pius Kuncoro aYOPDYOG aCB-D.112013-14122013-1413 aCB-D.112013-1412 aCB-D.112013-1503